000 00602nam a2200217Ia 4500
003 GCL
008 140319s9999 xx 000 0 eng d
020 _a1857150627
040 _aGCL /
_cGCL
082 0 4 _a823
_bS F
100 1 _aLESSER, WENDY
245 1 0 _aFRANKENSTEIN :
_bOR THE MODERN PRMOETHEUS /
_cLESSER, WENDY
700 1 _aSHELLEY, MARY
260 _aانجلترا :
_bEVERYMAN'S LIBRARY ،
_c1992
300 _a21 CM ؛
_cXXII, 231 P
490 _aTHE MILLENNIUM LIBRARY
_v62
650 0 4 _aENGLISH LITERATURE
650 0 4 _aLITERATURE
650 0 4 _aENGLISH FICTION
942 _2ddc
_cBK
999 _c5307
_d5307